000 00204 a2200097 4500
001 14920
100 _aToynbel AJ
245 _aBetween Niger & Nile
260 _aLondon
_bO U P
_c
090 _c11687
_d11687
942 _aNUST-CAE
_cM
_c1877
999 _c249993
_d249993